01005 2200349 4500001002100000005001500021007000300036008004100039020002200080035002000102040001700122041000800139082001000147084001600157090002100173100003600194245008400230250001100314264004200325300003600367336002100403337003000424338002300454500002900477504002500506650001300531700003500544850001000579990002200589990002200611990002200633INLIS00000000000631920260418075842ta260418 0  a978-979-29-4659-8 a0010-0322000563 aSBPUPADbInd0 aInd a363.8 a363.8 NUR b a363.8 LIL d 13-30 aNurul Laily HidayatiePengarang1 aBuku Ajar :bAsuhan Gizi Olahraga /cNurul Laily Hidayati.; Editor, Aldo Sahala aCet.24 aYogyakarta :bRapha Publishing,c2015 aviii, 120 hlm :bilus. ;c21 cm 2rdacontentaTeks 2rdamediaaTanpa Perantara 2rdacarrieravolume aBiodata Penulis, hlm 113 aBibliografi, hlm 111 4aOlahraga0 aEditor, Aldo SahalaePengarang aPUPAD a27.273/H/DPK/2018 a27.275/H/DPK/2018 a27.274/H/DPK/2018